[Event "Leipzig VfB op 23rd"]
[Site "Leipzig"]
[Date "2016.03.15"]
[Round "1"]
[White "Weber, Benedikt"]
[Black "Khassine, Ilia"]
[Result "1-0"]
[WhiteElo "2059"]
[BlackElo "1708"]
[PlyCount "53"]
[EventDate "2016.03.15"]
[EventType "swiss"]
[EventRounds "9"]
[EventCountry "GER"]
[SourceTitle "EXT 2017"]
[Source "ChessBase"]
[SourceDate "2016.10.25"]
[SourceVersion "1"]
[SourceVersionDate "2016.10.25"]
[SourceQuality "1"]

1. e4 e5 2. Nf3 Nf6 3. Nxe5 d6 4. Nf3 Nxe4 5. Nc3 Nxc3 6. dxc3 Be7 7. Bf4 Nc6 8. Qd2 Be6 9. 0-0-0 Qd7 10. h3 0-0-0 11. Bb5 a6 12. Ba4 b5 13. Bb3 Bxb3 14. axb3 Bf6 15. Qd5 Kb8 16. Bg5 Bxg5+ 17. Nxg5 Rdf8 18. c4 Nb4 19. Qd2 a5 20. c5 Rd8 21. cxd6 cxd6 22. Qf4 f6 23. Ne4 Rc8 24. c3 Na2+ 25. Kb1 Qf7 26. Qxd6+ Rc7 27. Kxa2 1-0

[Event "Leutersdorf Sparkasse op 10th"]
[Site "Leutersdorf"]
[Date "2006.02.19"]
[Round "7"]
[White "Khassine, Ilia"]
[Black "Fuchs, Oliver"]
[Result "0-1"]
[WhiteElo "1637"]
[BlackElo "1758"]
[PlyCount "58"]
[EventDate "2006.02.17"]
[EventType "swiss"]
[EventRounds "7"]
[EventCountry "GER"]
[SourceTitle "EXT 2007"]
[Source "ChessBase"]
[SourceDate "2006.11.23"]
[SourceVersion "1"]
[SourceVersionDate "2006.11.23"]
[SourceQuality "1"]

1. d4 Nf6 2. Bf4 g6 3. Nf3 Bg7 4. e3 c5 5. c3 cxd4 6. cxd4 d6 7. Bd3 Qb6 8. Qd2 Bg4 9. Be2 0-0 10. Nc3 Nc6 11. h3 Bf5 12. Na4 Qb4 13. Nc3 Rad8 14. a3 Qb6 15. d5 Nb8 16. Nd4 Ne4 17. Nxe4 Bxe4 18. Bf3 Bxf3 19. gxf3 Bxd4 20. Qxd4 Qxd4 21. exd4 Rc8 22. Kd2 Nd7 23. Rhe1 Rfe8 24. Re2 Nb6 25. Rae1 Rc7 26. b3 Rd7 27. Bg5 Nxd5 28. Kd3 f6 29. Bh4 Nf4+ 0-1

[Event "Leutersdorf Sparkasse op 10th"]
[Site "Leutersdorf"]
[Date "2006.02.18"]
[Round "4"]
[White "Fiedler, Frank"]
[Black "Khassine, Ilia"]
[Result "1/2-1/2"]
[WhiteElo "1836"]
[BlackElo "1637"]
[PlyCount "47"]
[EventDate "2006.02.17"]
[EventType "swiss"]
[EventRounds "7"]
[EventCountry "GER"]
[SourceTitle "EXT 2007"]
[Source "ChessBase"]
[SourceDate "2006.11.23"]
[SourceVersion "1"]
[SourceVersionDate "2006.11.23"]
[SourceQuality "1"]

1. e4 e5 2. Nc3 Nf6 3. f4 d6 4. Nf3 Nc6 5. Bc4 Bg4 6. h3 Bxf3 7. Qxf3 Nd4 8. Qd1 exf4 9. d3 g5 10. 0-0 Qd7 11. Ne2 Nxe2+ 12. Qxe2 0-0-0 13. Qf2 Kb8 14. Be3 a6 15. Bd4 Bg7 16. a4 Rhg8 17. b4 d5 18. exd5 Nxd5 19. Bxg7 Rxg7 20. Qd4 Rg6 21. Bxd5 Qxd5 22. Qxd5 Rxd5 23. Rfe1 Re6 24. Kf2 1/2-1/2

[Event "Leutersdorf Sparkasse op 10th"]
[Site "Leutersdorf"]
[Date "2006.02.17"]
[Round "2"]
[White "Snorek, Milan"]
[Black "Khassine, Ilia"]
[Result "1-0"]
[WhiteElo "2129"]
[BlackElo "1637"]
[PlyCount "31"]
[EventDate "2006.02.17"]
[EventType "swiss"]
[EventRounds "7"]
[EventCountry "GER"]
[SourceTitle "EXT 2007"]
[Source "ChessBase"]
[SourceDate "2006.11.23"]
[SourceVersion "1"]
[SourceVersionDate "2006.11.23"]
[SourceQuality "1"]

1. d4 d5 2. Nf3 Nf6 3. c4 e6 4. cxd5 Nxd5 5. e4 Nf6 6. Nc3 Bb4 7. Qc2 0-0 8. Bd3 b6 9. e5 Nd5 10. Bxh7+ Kh8 11. Be4 Bb7 12. 0-0 Nd7 13. Bxd5 Bxd5 14. Nxd5 exd5 15. Qf5 g6 16. Qh3+ 1-0

[Event "Leipzig VfB op 09th"]
[Site "Leipzig"]
[Date "2002.03.09"]
[Round "8"]
[White "Werner, Hubert"]
[Black "Khassine, Ilia"]
[Result "1/2-1/2"]
[WhiteElo "1874"]
[BlackElo "1585"]
[PlyCount "32"]
[EventDate "2002.03.05"]
[EventType "swiss"]
[EventRounds "9"]
[EventCountry "GER"]
[SourceTitle "EXT 2007"]
[Source "ChessBase"]
[SourceDate "2006.11.23"]
[SourceVersion "1"]
[SourceVersionDate "2006.11.23"]
[SourceQuality "1"]

1. c4 e6 2. g3 d5 3. Bg2 Nf6 4. Nf3 Bd6 5. d4 c6 6. Nbd2 Nbd7 7. 0-0 0-0 8. Qc2 Re8 9. Re1 h6 10. b3 e5 11. dxe5 Nxe5 12. Bb2 dxc4 13. Nxc4 Nxc4 14. Qxc4 Be6 15. Qc2 Qe7 16. Nd4 Rad8 1/2-1/2

[Event "Leipzig VfB op 09th"]
[Site "Leipzig"]
[Date "2002.03.06"]
[Round "3"]
[White "Khassine, Ilia"]
[Black "Riedel, Kristina"]
[Result "1-0"]
[WhiteElo "1585"]
[BlackElo "1402"]
[PlyCount "51"]
[EventDate "2002.03.05"]
[EventType "swiss"]
[EventRounds "9"]
[EventCountry "GER"]
[SourceTitle "EXT 2007"]
[Source "ChessBase"]
[SourceDate "2006.11.23"]
[SourceVersion "1"]
[SourceVersionDate "2006.11.23"]
[SourceQuality "1"]

1. d4 Nf6 2. Nf3 d5 3. Bf4 e6 4. e3 Nc6 5. Bd3 Bd6 6. Bg3 0-0 7. c3 Re8 8. Nbd2 e5 9. dxe5 Nxe5 10. Nxe5 Bxe5 11. Bxe5 Rxe5 12. h3 Nh5 13. Nc4 Re8 14. Qxh5 g6 15. Qf3 dxc4 16. Bxc4 Be6 17. Bxe6 Rxe6 18. Rd1 Qh4 19. 0-0 c6 20. Rd7 Rf6 21. Qe2 b5 22. Rfd1 Rf5 23. Rc7 c5 24. Rd2 Rg5 25. Qf3 Re8 26. Qxf7+ 1-0

[Event "Leipzig VfB op 09th"]
[Site "Leipzig"]
[Date "2002.03.06"]
[Round "2"]
[White "Neumann, Niels"]
[Black "Khassine, Ilia"]
[Result "1-0"]
[WhiteElo "1859"]
[BlackElo "1585"]
[PlyCount "45"]
[EventDate "2002.03.05"]
[EventType "swiss"]
[EventRounds "9"]
[EventCountry "GER"]
[SourceTitle "EXT 2007"]
[Source "ChessBase"]
[SourceDate "2006.11.23"]
[SourceVersion "1"]
[SourceVersionDate "2006.11.23"]
[SourceQuality "1"]

1. g3 d5 2. Bg2 Nf6 3. Nf3 Bf5 4. c4 c6 5. cxd5 cxd5 6. Qb3 b6 7. Nc3 e6 8. Nh4 Bg6 9. Nxg6 hxg6 10. e4 dxe4 11. Nxe4 Nd5 12. Nc3 Nd7 13. Nxd5 exd5 14. Bxd5 Qe7+ 15. Kf1 Rc8 16. d4 Nf6 17. Bg5 Qd7 18. Re1+ Kd8 19. h4 Qg4 20. Kg2 Bd6 21. Bxf7 Kc7 22. Be6 Qxd4 23. Bxf6 1-0

[Event "Leipzig VfB op 08th"]
[Site "Leipzig"]
[Date "2001.02.21"]
[Round "2"]
[White "Khassine, Ilia"]
[Black "Wagner, Roland"]
[Result "0-1"]
[WhiteElo "1167"]
[BlackElo "1629"]
[PlyCount "109"]
[EventDate "2001.02.20"]
[EventType "swiss"]
[EventRounds "9"]
[EventCountry "GER"]
[SourceTitle "EXT 2008"]
[Source "ChessBase"]
[SourceDate "2007.11.25"]
[SourceVersion "1"]
[SourceVersionDate "2007.11.25"]
[SourceQuality "1"]

1. Nf3 d5 2. d4 Nf6 3. Bf4 Bf5 4. e3 Nbd7 5. Bd3 Bxd3 6. Qxd3 e6 7. Nbd2 Be7 8. h3 0-0 9. 0-0 c5 10. c3 c4 11. Qc2 b5 12. a3 Nb6 13. e4 dxe4 14. Nxe4 Nxe4 15. Qxe4 Nd5 16. Bg3 Bd6 17. Bxd6 Qxd6 18. Qe5 Qxe5 19. Nxe5 Nf4 20. Kh2 f6 21. Nd7 Rfc8 22. Nc5 e5 23. g3 exd4 24. cxd4 Ne2 25. Rad1 Nxd4 26. Rxd4 Rxc5 27. Rfd1 Rac8 28. R1d2 Kf7 29. Rd7+ Ke6 30. Rxa7 R8c7 31. Rxc7 Rxc7 32. Kg2 Rc5 33. Kf3 Rd5 34. Rxd5 Kxd5 35. Ke3 g6 36. h4 h6 37. g4 g5 38. h5 Ke5 39. f3 f5 40. gxf5 Kxf5 41. Kf2 Kf4 42. Kg2 g4 43. fxg4 Kxg4 44. Kf2 Kxh5 45. Ke3 Kg4 46. Kd4 h5 47. Kc5 h4 48. Kxb5 h3 49. Kxc4 h2 50. b4 h1Q 51. b5 Qb7 52. Kc5 Qc7+ 53. Kb4 Qb6 54. a4 Kf4 55. a5 0-1

[Event "Leipzig VfB op 08th"]
[Site "Leipzig"]
[Date "2001.02.21"]
[Round "3"]
[White "Liedmann, Hans Joerg"]
[Black "Khassine, Ilia"]
[Result "1-0"]
[WhiteElo "1650"]
[BlackElo "1167"]
[PlyCount "43"]
[EventDate "2001.02.20"]
[EventType "swiss"]
[EventRounds "9"]
[EventCountry "GER"]
[SourceTitle "EXT 2008"]
[Source "ChessBase"]
[SourceDate "2007.11.25"]
[SourceVersion "1"]
[SourceVersionDate "2007.11.25"]
[SourceQuality "1"]

1. d4 d5 2. c4 c6 3. Nc3 Nf6 4. Nf3 Bg4 5. cxd5 Nxd5 6. e4 Nf6 7. Bc4 Bxf3 8. gxf3 e6 9. Be3 Bb4 10. a3 Ba5 11. Rg1 Rg8 12. Ke2 Bxc3 13. bxc3 b5 14. Bb3 a6 15. Qc2 Qc7 16. e5 Nd5 17. Qxh7 Kf8 18. Bxd5 cxd5 19. Bh6 Nd7 20. Bxg7+ Ke7 21. Bf6+ Nxf6 22. exf6+ 1-0